000 01128nam a22002897a 4500
003 0
005 20251111090018.0
008 251108b xxu||||| |||| 00| 0 eng d
020 _a978-0-241-33612-0
050 _aPE 1128.S818
_b.T74 2023
100 _aPitts, Sorrel
_eadapter.
245 _aTreasure Island /
_cbased on the story by Robert Louis Stevenson ; text adapted by Sorrel Pitts ; illustrated by Sean Hayden.
260 _aLondon :
_bPenguin Random House UK,
_c2023.
300 _a64 pages :
_bcolor illustrations ;
_c23 cm.
490 _aLadybird Readers ;
_vLevel 5
500 _aAdapted for Ladybird Readers Level 5.
504 _aIncludes illustrations.
650 _aTreasure Island (Fictitious work)
_vAdaptations.
650 _aPirates
_vJuvenile fiction.
650 _aAdventure stories
_vJuvenile fiction.
650 _aEnglish language
_vStudy and teaching
_vJuvenile fiction.
700 _aStevenson, Robert Louis,
_d1850-1894,
_eoriginal author.
700 _aPitts, Sorrel
_eseries editor.
700 _aPitts, Sorrel
_etext adaptation.
700 _aHayden, Sean
_eillustrator.
942 _2lcc
_cBK
999 _c368550
_d368550